Literature: Gibberish Style Quiz Stats

 Plays Quiz not verified by Sporcle

Score 0/20 Timer 10:00
0 Plays Today
Hint Answer % Correct
To Fill a Locking HerdTo Kill a Mockingbird
85.3%
The Drapes of BathThe Grapes of Wrath
73.5%
The Bad Dentures of Bomb LawyerThe Adventures of Tom Sawyer
70.6%
The Punt for Red Hawk Doe BurrThe Hunt for Red October
70.6%
The Candor Bury DalesThe Canterbury Tales
70.6%
Grave Knew HurledBrave New World
61.8%
Homey TickMoby Dick
58.8%
Sure Aspic BarkJurassic Park
55.9%
Low Lead, DuhLolita
55.9%
The Born Night Ended KneeThe Bourne Identity
55.9%
Hint Answer % Correct
Lay Miser, RobLes Miserables
55.9%
Nickel Less, Nickel BeeNicholas Nickelby
52.9%
Prankings DineFrankenstein
52.9%
Lord Dove, Thief LiesLord of the Flies
50%
Sty Lass Mar NearSilas Marner
50%
Thrifty Mares of ClayFifty Shades of Grey
44.1%
The Cold Can and Uh, PeeThe Old Man and the Sea
23.5%
Bonnets Drum the Port of GeeseSonnets from the Portuguese
20.6%
Katie Platters Be HoverLady Chatterley's Lover
8.8%
Cash it, One E, DoCatch-22
5.9%

You're not logged in!

Compare scores with friends on all Sporcle quizzes.
OR
Log In

Show Comments

Extras

Top Quizzes Today


Score Distribution

Your Account Isn't Verified!

In order to create a playlist on Sporcle, you need to verify the email address you used during registration. Go to your Sporcle Settings to finish the process.

Report this User

Report this user for behavior that violates our Community Guidelines.

Details: